000 00573nam a22001817a 4500
005 20250717161314.0
008 250717b |||||||| |||| 00| 0 eng d
020 _a978-1-85604-370-0
050 _aHF5736 .S54 2003
100 _aSHEPHERD, ELIZABETH
245 _aMANAGING RECORDS: A HANDBOOK OF PRINCIPLES AND PRACTICE
260 _a LONDON
_bFACET PUB.
_c2003
300 _aXIV, 318 P. : ILL.
500 _aINCLUDES BIBLIOGRAPHICAL REFERENCES AND INDEX
650 _aRECORDS--MANAGEMENT--HANDBOOKS, MANUALS, ETC
700 _aYEO, GEOFFREY
942 _2lcc
_cBK
999 _c215929
_d215929